[Event "CAN-ch U14 Girls"]
[Site "Ottawa"]
[Date "2013.07.11"]
[Round "3"]
[White "Forshaw, Erica"]
[Black "Tao, Rachel Long Xin"]
[Result "1-0"]
[WhiteElo "1386"]
[BlackElo "1677"]
[PlyCount "117"]
[EventDate "2013.07.10"]
[EventType "swiss"]
[EventRounds "6"]
[EventCountry "CAN"]
[SourceTitle "EXT 2022"]
[Source "ChessBase"]
[SourceDate "2021.10.06"]
[SourceVersion "1"]
[SourceVersionDate "2021.10.06"]
[SourceQuality "1"]

1. c4 Nf6 2. g3 e6 3. Bg2 d5 4. b3 c6 5. Bb2 Nbd7 6. Nc3 Be7 7. d3 0-0 8. e3 Re8 9. Nge2 b6 10. cxd5 exd5 11. 0-0 Bb7 12. Rc1 Nf8 13. Nd4 Qd7 14. Nf3 Ng6 15. Ng5 h6 16. Bh3 Qd6 17. Nf3 Bc8 18. Bg2 Bd7 19. Re1 Nh7 20. Qc2 Rac8 21. e4 Bf6 22. d4 Be7 23. e5 Qe6 24. Nd2 Qg4 25. h3 Qe6 26. f4 f5 27. Nf1 c5 28. Bxd5 cxd4 29. Bxe6+ Bxe6 30. Qd3 dxc3 31. Rxc3 Bc5+ 32. Ne3 Rcd8 33. Qe2 Ne7 34. Kh2 Bb4 35. Rd1 Bxc3 36. Rxd8 Rxd8 37. Bxc3 Nf8 38. Nc4 Nd5 39. Qd2 Rd7 40. Nd6 Rc7 41. Bb4 Nd7 42. Nxf5 Nxb4 43. Ne7+ Kf7 44. Qxb4 Rc2+ 45. Kg1 Bxh3 46. f5 Nxe5 47. Qe4 Rg2+ 48. Kh1 Kxe7 49. Qxe5+ Kf8 50. f6 gxf6 51. Qxf6+ Ke8 52. Qxh6 Rxg3 53. Qc6+ Bd7 54. Qe4+ Kd8 55. Qh4+ Kc8 56. Qxg3 Bc6+ 57. Kg1 Kb7 58. Qg7+ Ka6 59. a4 1-0

[Event "CAN-ch U14 Girls"]
[Site "Ottawa"]
[Date "2013.07.11"]
[Round "4"]
[White "Zhou, Qiyu"]
[Black "Forshaw, Erica"]
[Result "1-0"]
[WhiteElo "2160"]
[BlackElo "1386"]
[PlyCount "69"]
[EventDate "2013.07.10"]
[EventType "swiss"]
[EventRounds "6"]
[EventCountry "CAN"]
[SourceTitle "EXT 2022"]
[Source "ChessBase"]
[SourceDate "2021.10.06"]
[SourceVersion "1"]
[SourceVersionDate "2021.10.06"]
[SourceQuality "1"]

1. e4 c5 2. Nf3 d6 3. d4 cxd4 4. Nxd4 Nf6 5. Nc3 g6 6. Be3 Bg7 7. f3 0-0 8. Qd2 Nc6 9. 0-0-0 Bd7 10. g4 Ne5 11. h4 h5 12. gxh5 Nxh5 13. Rg1 Rc8 14. Kb1 e6 15. f4 Nc4 16. Bxc4 Rxc4 17. f5 exf5 18. exf5 Rxc3 19. Qxc3 Bxf5 20. Qb3 Bxd4 21. Rxd4 Qc7 22. Rc4 Qe7 23. Qc3 Kh7 24. b3 Rc8 25. Rxc8 Bxc8 26. Bg5 Qe8 27. Qd4 Ng3 28. Qxd6 Ne2 29. Rf1 Bh3 30. Rf3 Bf5 31. Re3 Qb5 32. a4 Bxc2+ 33. Kxc2 Qf5+ 34. Kb2 Qf2 35. Qd2 1-0

[Event "CAN-ch U12 Girls"]
[Site "Windsor"]
[Date "2010.07.07"]
[Round "3"]
[White "Forshaw, Erica"]
[Black "Giblon, Melissa"]
[Result "0-1"]
[WhiteElo "1152"]
[BlackElo "1344"]
[PlyCount "144"]
[EventDate "2010.07.06"]
[EventType "tourn"]
[EventRounds "7"]
[EventCountry "CAN"]
[SourceTitle "EXT 2012"]
[Source "ChessBase"]
[SourceDate "2011.11.24"]
[SourceVersion "1"]
[SourceVersionDate "2011.11.24"]
[SourceQuality "1"]

1. e4 e5 2. Nf3 Nc6 3. Nc3 Nf6 4. d4 exd4 5. Nxd4 Bb4 6. Nxc6 bxc6 7. Bd3 0-0 8. a3 Be7 9. e5 Ne8 10. Qh5 g6 11. Qf3 Bb7 12. Bh6 Ng7 13. Qg3 Re8 14. 0-0-0 Bh4 15. Qf4 Ne6 16. Qd2 Bg5 17. Bxg5 Qxg5 18. Qxg5 Nxg5 19. f4 Ne6 20. Ne4 Kg7 21. Rhf1 Red8 22. g4 d5 23. Ng3 c5 24. f5 Nd4 25. c3 Nc6 26. f6+ Kg8 27. Rfe1 Re8 28. Bb5 Rxe5 29. Rxe5 Nxe5 30. h3 c6 31. Re1 cxb5 32. Rxe5 a5 33. Re7 Rb8 34. Rc7 c4 35. Ne2 Kf8 36. Nd4 b4 37. axb4 axb4 38. cxb4 Ke8 39. Re7+ Kf8 40. Kc2 Ba8 41. Kc3 Re8 42. Rxe8+ Kxe8 43. b3 cxb3 44. Kxb3 Kd7 45. b5 Kc7 46. Kb4 Kb6 47. g5 Bb7 48. h4 Bc8 49. Nf3 Bd7 50. Nd4 Be8 51. Ka4 Kc5 52. Ka5 Kxd4 53. b6 Bc6 54. Kb4 Ke3 55. Kc3 d4+ 56. Kc2 Ke2 57. b7 Bxb7 58. h5 d3+ 59. Kc3 gxh5 60. g6 hxg6 61. Kd4 d2 62. Ke5 d1Q 63. Kf4 Qf1+ 64. Kg5 Qf5+ 65. Kh6 Qxf6 66. Kh7 Kf3 67. Kh6 Ke4 68. Kh7 Ke5 69. Kh6 Ke6 70. Kh7 Ke7 71. Kh6 Kf8 72. Kh7 Qg7# 0-1

[Event "CAN-ch U12 Girls"]
[Site "Windsor"]
[Date "2010.07.06"]
[Round "2"]
[White "Forshaw, Erica"]
[Black "Tao, Rachel Long Xin"]
[Result "1-0"]
[WhiteElo "1152"]
[BlackElo "1186"]
[PlyCount "121"]
[EventDate "2010.07.06"]
[EventType "tourn"]
[EventRounds "7"]
[EventCountry "CAN"]
[SourceTitle "EXT 2012"]
[Source "ChessBase"]
[SourceDate "2011.11.24"]
[SourceVersion "1"]
[SourceVersionDate "2011.11.24"]
[SourceQuality "1"]

1. e4 e6 2. Nc3 d5 3. Nf3 c5 4. d4 Nc6 5. Bb5 a6 6. Bxc6+ bxc6 7. Be3 Qb6 8. Rb1 Nf6 9. e5 Ne4 10. Nxe4 dxe4 11. Nd2 cxd4 12. Bf4 e3 13. fxe3 dxe3 14. Nc4 Qb4+ 15. Nd2 exd2+ 16. Bxd2 Qe4+ 17. Qe2 Qxe2+ 18. Kxe2 Bc5 19. Rhd1 0-0 20. g4 a5 21. a3 Ba6+ 22. Ke1 Rfd8 23. Bxa5 Rxd1+ 24. Rxd1 h6 25. b4 Be3 26. Rd6 Bf4 27. Rxc6 Bxe5 28. h4 Bg3+ 29. Kd2 Bxh4 30. c4 Ra7 31. b5 Bb7 32. Rc7 Rxa5 33. Rxb7 Rxa3 34. Rb8+ Kh7 35. c5 Bg5+ 36. Kc2 Bf4 37. Rf8 Ra5 38. Rxf7 Be3 39. c6 Rxb5 40. Kd3 Bb6 41. Rf8 Rd5+ 42. Ke4 Rc5 43. Rc8 Rc4+ 44. Ke5 Rxg4 45. Kxe6 h5 46. c7 h4 47. Rh8+ Kxh8 48. c8Q+ Kh7 49. Kd5 Rd4+ 50. Ke5 Rb4 51. Qf5+ Kg8 52. Qe6+ Kh8 53. Kf5 Rb5+ 54. Kg6 Rg5+ 55. Kxg5 Kh7 56. Qxb6 h3 57. Qg6+ Kg8 58. Qh5 g6 59. Qxg6+ Kf8 60. Kf6 h2 61. Qf7# 1-0